00741nam a2200217 a 450000100100000000500170001000800410002702000150006810000170008324501220010026000300022230000250025249000100027750000680028765000230035565000240037865000200040265000310042270000320045370000380048500003560020200120222239.0090624s2007 ck a br 000 j spa d a95804862120 aMckee, David10aElmer /cDavid Mckee; traducción: Juliana Duque Mahecha; diagramación electrónica: Patricia Martínez Linares. aBogotá :bNorma,c2007. a[32] p. :bil., col. 0aElmer aEj.1 de Mosquera donado por la Biblioteca Nacional - PNLB 2012.14aLiteratura inglesa24aLiteratura infantil24aCuento infantil24aElefantes en la literatura1 aDuque Mahecha, Julianaetr.1 aMartínez Linares, Patriciaeil.